| 000 | 00621nam a2200205 i 4500 | ||
|---|---|---|---|
| 001 | 109132 | ||
| 003 | ES-MaACL | ||
| 005 | 20250808012558.0 | ||
| 007 | t| | ||
| 008 | 061121s1951 sp r ||||1| spa d | ||
| 100 | 1 |
_aOliver Cobeña, F. _986833 |
|
| 245 | 1 | 0 |
_aLetamendi / _cFederico Oliver Cobeña. |
| 260 |
_aMadrid : _bEditora Nacional, _c1951. |
||
| 300 |
_a194 p. ; _c17 cm. |
||
| 490 | 1 | _aBreviarios de la vida española | |
| 600 | 1 | 4 |
_aLetamendi, José de, _d1828-1897 _971873 |
| 830 | 0 | 0 |
_aBreviarios de la vida española _9180821 |
| 852 |
_aES-MaACL _jD-5707 _bR.30780 |
||
| 999 |
_c109132 _d109132 |
||